000 00257nam a2200109Ia 4500
008 200302s9999 xx 000 0 und d
100 _aJohn and mary gribbin
245 _awatching the weather
260 _bUniversities press
260 _c1998
300 _a162
999 _c3142
_d3142